000 00293nam a22001337a 4500
008 170505b xxu||||| |||| 00| 0 eng d
020 _a0870841823
041 _aeng
080 _a343.9
100 _a15
101 _aSHJ
245 _aA CRIMINAL LAW ANTHOLOGY
_cLOEWY, A.H
942 _2udc
_cBK
999 _c12768
_d12768